Logistický manažment a problém obchodného cestujúceho

Problém obchodného cestujúceho súvisiaci s logistikou. Riešenie, ktoré zabezpečuje aby sa firma správala efektívne, šetrila náklady, prostriedky a konala ohľaduplne k životnému prostrediu.

Salvato in:
Dettagli Bibliografici
Autore principale: Malcher, Viliam
Natura: Capitolo di libro
Lingua:slovacco
Soggetti:
Tags: Aggiungi Tag
Nessun Tag, puoi essere il primo ad aggiungerne!!

MARC

LEADER 00000naa a2200000 4500
001 0170083
005 20231208113703.1
041 0 |a slo 
044 |a SK 
245 1 0 |a Logistický manažment a problém obchodného cestujúceho  |c Viliam Malcher 
520 |a Problém obchodného cestujúceho súvisiaci s logistikou. Riešenie, ktoré zabezpečuje aby sa firma správala efektívne, šetrila náklady, prostriedky a konala ohľaduplne k životnému prostrediu. 
610 2 0 |a logistika 
610 2 0 |a logistika aplikovaná 
610 2 0 |a logistika distribučná 
610 2 0 |a manažment logistický 
610 2 0 |a logistika obchodná 
100 1 |a Malcher, Viliam